Statistics for US National Parks by Time Zone - Eastern

Click here to take the quiz!

General Stats

  • This quiz has been taken 19 times
    (7 since last reset)
  • The average score is 7 of 10

Answer Stats

Answer% Correct
Congaree
100%
Everglades
100%
Great Smoky Mountains
100%
Acadia
83%
Dry Tortugas
83%
Shenandoah
83%
Biscayne
67%
Cuyahoga Valley
50%
Isle Royale
33%
New River Gorge
33%

Score Distribution

Percentile by Number Answered

Percent of People with Each Score

Your Score History

You have not taken this quiz since the last reset